000 00936nam a22002417a 4500
003 0
005 20251104114644.0
008 251104b xxu||||| |||| 00| 0 eng d
020 _a978-1-78828-412-7
050 _aHF 5386
_b.H55 2023
100 _aHill, Napoleon,
_d1883-1970,
_eauthor.
245 _aThink and grow rich /
_cNapoleon Hill.
250 _aArcturus edition.
260 _aLondon :
_bArcturus Publishing Limited,
_c2023.
300 _a255 pages ;
_c23 cm.
500 _aOriginally published in 1937.
504 _aIncludes bibliographical references and index.
520 _aA motivational self-help classic that presents Napoleon Hill’s philosophy of personal achievement, outlining thirteen principles for attaining success, wealth, and fulfillment through the power of thought and determination.
650 _aSuccess.
650 _aSuccess in business.
650 _aConduct of life.
942 _2lcc
_cBK
999 _c368451
_d368451